000 nam a22 7a 4500
999 _c8803
_d8803
008 180119b ||||| |||| 00| 0 eng d
100 _aNCERT
_95136
245 _aIntroductory Macro Economics XII, I
260 _aNCERT
_bNew Delhi
_c2007